Not so big Cities 500 km Away from a Larger City - Statistics

General Stats
  • This quiz has been taken 71 times
  • The average score is 19 of 49
Answers on the Map
Answers color-coded by a green-red scale on the quiz's map according to % correct below.
 
Answer Stats
City % Correct
Anchorage
95%
Reykjavik
87%
Male
77%
Halifax
74%
Hobart
74%
Windhoek
74%
Murmansk
72%
Darwin
69%
Georgetown
67%
Port Moresby
67%
Winnipeg
66%
Port Louis
62%
Praia
61%
Juba
59%
Benghazi
56%
Arkhangel'sk
52%
Irkutsk
52%
Yakutsk
49%
Las Palmas de Gran Canaria
48%
Petropavlovsk-Kamchatsky
48%
Billings
46%
Townsville
43%
Punta Arenas
41%
Antofagasta
38%
Noril'sk
34%
Jayapura
28%
Kisangani
26%
Comodoro Rivadavia
25%
Iquitos
25%
Kuching
23%
Port Blair
23%
Campo Grande
21%
Karagandy
20%
Porto Velho
20%
Ambon
18%
Cuiaba
18%
Kota Kinabalu
18%
Salalah
18%
San Miguel de Tucuman
18%
Boa Vista
16%
Ciudad Guayana
15%
Kupang
15%
Palmas
15%
Balikpapan
13%
Nukus
13%
Sabha
11%
Surgut
11%
Manado
10%
Mbeya
10%
No matching quizzes found
Score Distribution
Percent of People with Each Score
Percentile by Number Answered
Your Score History
You have not taken this quiz